000 00669 a2200205 4500
003 UA-OsUOA
005 20260429153501.0
008 260429b un ||||| |||| 00| 0 ukr d
040 _aUA-OsUOA
_beng
_cUA-OsUOA
_dUA-OsUOA
041 _aeng
080 _a94(474.2)
090 _a94(474.2)
_bE81
245 _aEstonia the Forgotten Nation
_ccompiled by E. Kareda, M. Econ
260 _bEstonian Central Council in Canada
_c1961
_aToronto
300 _a63 p.
650 _2UDC
_a94 Всесвітня історія
_91868
942 _cBK
_2udc
955 _a4
999 _c580619
_d580619